Países menos poblados de Asia - Estadísticas

Estadísticas generales
  • Esta prueba ha sido intentada 24 veces
  • La puntuación promedio es 8 de 10
Estadísticas de respuestas
Hint Respuesta % Correcto
Isla en el mediterraneo oriental cerca de las costas de turquia, libano e israel Chipre
94%
Es un archipiélago famoso por sus playas y su agua cristalina Maldivas
89%
Pais conocido por su monarquia.Limita con Malasia Brunei
78%
Pais montañoso y desconocido. Es el pais con la media mas alta de felicidad Bután
78%
Pequeño pais que limita con arabia saudita y está al lado del pais anterior. Famoso por sus imponentes torres. Qatar
78%
Pais que se independizo de Indonesia en 2002 Timor Oriental
78%
Pais en el caucaso XX sufrio un genocidio en el que murieron 1,5 millones de armenios Armenia
72%
Pais que esta en el caucaso y es el ganador de JESC 2024 Georgia
67%
Pais menos densamente poblado del mundo. Mongolia
61%
Micro-estado lujoso en el golfo persico Barein
56%
No se encontraron pruebas coincidentes
Distribución de puntuación
Porcentaje de gente con cada puntuación
Porcentaje por número respondido
Historial de tus puntuaciones
No has intentado esta prueba.